00000000cam 2200000zi 4500
0019.960466
003CaOODSP
00520260601150328
006m     o  d f      
007cr cn ||||||||
008260302e20250718onca    ob   f000 0 eng d
020 |a9780660987156
040 |aCaOODSP|beng|erda|cCaOODSP
043 |an-cn---
0861 |aNR24-145/2026E-PDF
1001 |aHayes, Alexander T., |eauthor.
24510|aRoadmap to enable climate resilient adaptation retrofits / |cAlexander Hayes, Marzieh Riahinezhad, Leen Toukan.
264 1|aOttawa : |bNational Research Council Canada = Conseil national de recherches Canada, |cJuly 18, 2025.
300 |a1 online resource (iii, 56 pages) : |billustrations
336 |atext|btxt|2rdacontent
337 |acomputer|bc|2rdamedia
338 |aonline resource|bcr|2rdacarrier
500 |a"Report No.: A1-023973.1."
500 |a"Report Date: July 18, 2025."
500 |a"Contract No.: A1-023973."
504 |aIncludes bibliographical references.
520 |a"This report focuses on the risks and vulnerabilities of buildings and their occupants to hazards such as wildfire, wind, extreme heat, flooding, and multi-hazard scenarios. The report also emphasizes individual building-level retrofits, including upgrades to the building envelope, mechanical, electrical, and plumbing systems, as well asimprovements to the immediate surrounding property, rather than strategies that are to be implemented on a broader community scale. The insights and recommendations in this report can inform the future development of best practice guidelines, enabling individuals and professionals to navigate the full adaptation process, from identifying relevant hazards to implementing tailored retrofit solutions based on the specific needs of their building and location"--Executive Summary, page iii.
650 0|aBuildings|xRetrofitting|zCanada.
650 0|aClimate change adaptation|zCanada.
650 6|aConstructions|xAmélioration|zCanada.
650 6|aAdaptation aux changements climatiques|zCanada.
7102 |aNational Research Council Canada, |eissuing body.
85640|qPDF|s2.49 MB|uhttps://publications.gc.ca/collections/collection_2026/cnrc-nrc/NR24-145-2026-eng.pdf